00000000nam 2200000zi 4500
0019.867817
003CaOODSP
00520241203113645
006m     o  d f      
007cr nn|||||||||
008190131s1987    oncab   ob   f000 0 eng d
040 |aCaOODSP|beng|erda|cCaOODSP
041 |aeng|bfre
043 |an-cn-nf
0861 |aEn13-5/87-39E-PDF
1001 |aNg, H. Y. F., |eauthor.
24510|aStreamflow modelling in the Waterford River Basin / |cby H.Y.F. Ng and J. Marsalek.
264 1|aBurlington, Ontario : |bEnvironmental Hydraulics Section, Hydraulics Division, National Water Research Institute, Canadian Centre for Inland Waters, |c[1987]
300 |a1 online resource (52 pages) : |billustrations.
336 |atext|btxt|2rdacontent
337 |acomputer|bc|2rdamedia
338 |aonline resource|bcr|2rdacarrier
4901 |aNWRI contribution ; |v87-39
500 |aCover title.
500 |a"RRB-87-04."
500 |a"This report has been submitted to the Journal of Hydrology for publication. This copy is to provide information prior to publication."
500 |aDigitized edition from print [produced by Environment and Climate Change Canada].
504 |aIncludes bibliographical references.
5203 |a"This paper briefly describes the results of a number of field experiments conducted to prove the influence of the capillary fringe in shallow-water-table environments. The results indicate that the influence is substantial and locally widespread although probably of little importance outside certain low-lying and geologically-complex ground water discharge zones, Possible of some significance in terms of ground water contamination in these discharge zones"--Management perspective.
546 |aIncludes management perspective and abstract in French.
69207|2gccst|aHydrology
69207|2gccst|aWatersheds
69207|2gccst|aModelling
7001 |aMarsalek, J., |eauthor.
7101 |aCanada. |bEnvironment Canada.
7102 |aNational Water Research Institute (Canada). |bEnvironmental Hydraulics Section.
830#0|aNWRI contribution ;|v87-39.|w(CaOODSP)9.844121
85640|qPDF|s3.60 MB|uhttps://publications.gc.ca/collections/collection_2019/eccc/En13-5-87-39-eng.pdf